A Pointless Quiz 2 - Statistics

General Stats
  • This quiz has been taken 12 times
  • The average score is 12 of 15
Answer Stats
Hint Answer % Correct
old macdonald had a farm
100%
what color is the sky no its ultraviolet you dummy
100%
is this quiz pointless? well actually the point is to not have a point sooooo uh... yah, just continue...
100%
was this quiz the best quiz ever or what??? yes
100%
What does BLT stand for? Bacon Lettuce Tomato
89%
wow i actually made you an easy question BTW the answer is billllllllllllllllllllllllllllllllllllllll billlllllllllllllllllllllllllllllll
89%
Spot the difference oooooooooooooooooooooooooooooooooooooóooo great
89%
this will test your dignity. type i am dumb lol u have no dignity
89%
how many g's in gg and in gggg's gg combined 4
78%
is this is a kiss or a three : 3 kiss
78%
What is this number: 445739281510873470843 wow i made you type all that lol
78%
How many questions are...in..zzzzzzzz (sorry he fell asleep but answer the question 15
67%
yodelayhee ho
67%
THE ANSWER IS NOT BOB ----> Not Bob
44%
What does it ACTUALLY stand for Big Lazy Turtle
11%
No matching quizzes found
Score Distribution
Percent of People with Each Score
Percentile by Number Answered
Your Score History
You have not taken this quiz